Kamus peribahasa melayu

Bibliographic Details
Main Author: Munir Ali
Format: Book
Published: Selangor : Percetakan sermajusdn.bhd , 2005
Subjects:

MARC

LEADER 00000cam a2200000 7i4500
001 0000004640
005 20151222.0
008 070730
020 |a 967935430X 
090 0 0 |a DIC   |b MAL (5364) 
100 0 |a Munir Ali 
245 1 0 |a Kamus peribahasa melayu   |c Munir Ali 
260 |a Selangor :   |b Percetakan sermajusdn.bhd ,   |c 2005 
300 |a Jilid V 
500 |a Children ages 7-9 years old (orange) 
650 0 |a Dictionary   |x Proverbs 
999 |a 0000904974   |b Book   |c REFERENCE   |e Cawangan Bandar Tenggara 
999 |a 0000904975   |b Book   |c REFERENCE   |e Cawangan Bandar Tenggara 
999 |a 0000904976   |b Book   |c REFERENCE   |e Cawangan Bandar Tenggara 
999 |a 0000904977   |b Book   |c REFERENCE   |e Cawangan Bandar Tenggara 
999 |a 0000978554   |b Book   |c Children Collection   |e Cawangan Taman Universiti 
999 |a 0000978555   |b Book   |c REFERENCE   |e Perbadanan Perpustakaan Awam Johor 
999 |a 0000978557   |b Book   |c Children Collection   |e Cawangan Taman Universiti 
999 |a 0000978558   |b Book   |c Children Collection   |e Cawangan Tmn. Ungku Tun Aminah 
999 |a 0001149363   |b Book   |c REFERENCE   |e Cawangan Bandar Tenggara 
999 |a 0001149364   |b Book   |c Children Collection   |e Cawangan Taman Universiti 
999 |a 0001149365   |b Book   |c REFERENCE   |e Cawangan Segamat 
999 |a 0001149366   |b Book   |c Children Collection   |e Cawangan Tmn. Ungku Tun Aminah